000 00845cam a2200277 4500
999 _c18532
_d18532
001 293511
003 BDDh-ASL
005 20231015025719.0
008 711102s1971 nyub b 000 0 eng
010 _a 70168868
020 _a0231035608
040 _aDLC
_cDLC
_dBDDh-ASL
043 _aa-ii---
050 0 0 _aDS423
_b.G68
082 0 0 _a954
_bGOS
100 1 _aGordon, Leonard A.
245 1 2 _aA syllabus of Indian civilization/
_cby Leonard A. Gordon and Barbara Stoler Miller.
260 _aNew York:
_bColumbia University Press,
_c1971.
300 _aviii, 182 p.
_bmaps.
_c24 cm.
350 _a$3.25
504 _aIncludes bibliographies.
651 0 _aIndia
_xCivilization
_xOutlines, syllabi, etc.
700 1 _aMiller, Barbara Stoler,
_ejoint author.
906 _a7
_bcbc
_corignew
_d2
_encip
_f19
_gy-gencatlg
942 _2ddc
_cBK